Deutsche Strafgesetze - Statistiken

Allgemein
  • Dieses Quiz wurde 282 mal gespielt
  • Das Durchschnittsergebnis liegt bei 7 aus 20
Antwortstatistiken
§§ StGB Name der Straftat % Korrekt
211 Mord
97%
242 Diebstahl
92%
223 Körperverletzung
79%
212 Totschlag
76%
249 Raub
71%
263 Betrug
50%
185 Beleidigung
42%
123 Hausfriedensbruch
41%
32 Notwehr
32%
239 Freiheitsberaubung
25%
323c unterlassene Hilfeleistung
24%
154 Meineid
23%
239b Geiselnahme
14%
259 Hehlerei
14%
238 Nachstellung
13%
130 Volksverhetzung
13%
334 Bestechung
9%
293 Fischwilderei
8%
164 falsche Verdächtigung
6%
283 Bankrott
3%
Keine übereinstimmenden Quizze gefunden
Verteilung der Resultate
Anzahl Personen mit jedem Resultat
Perzentil nach korrekt beantworteten Fragen
Ihre Resultats-Entwicklung
Sie haben dieses Quiz noch nicht gespielt